[Event "Scarborough CC-ch Reserves"]
[Site "Toronto"]
[Date "2012.05.03"]
[Round "7"]
[White "Bellomo, Joe"]
[Black "Aghamalian, Derick"]
[Result "1-0"]
[WhiteElo "1533"]
[BlackElo "1614"]
[PlyCount "82"]
[EventDate "2012.03.22"]
[EventType "swiss"]
[EventRounds "9"]
[EventCountry "CAN"]
[SourceTitle "EXT 2022"]
[Source "ChessBase"]
[SourceDate "2021.10.06"]
[SourceVersion "1"]
[SourceVersionDate "2021.10.06"]
[SourceQuality "1"]

1. e4 c5 2. Nf3 d6 3. d3 Nf6 4. g3 Bg4 5. Bg2 Nc6 6. c3 g6 7. 0-0 Bg7 8. Nbd2 h5 9. h3 Bd7 10. Re1 Qc8 11. h4 Bg4 12. Qc2 0-0 13. e5 dxe5 14. Nxe5 Nxe5 15. Rxe5 Qc7 16. Re1 Rfd8 17. Ne4 Nxe4 18. Bxe4 Rac8 19. Bf4 e5 20. Bg5 Rd6 21. a4 Qd7 22. c4 Be6 23. Rad1 f6 24. Be3 Bf7 25. Bg2 b6 26. b3 Rd8 27. Bf1 e4 28. Bf4 Rd4 29. Re3 Qg4 30. Be2 Qd7 31. Rxe4 Be8 32. Rxd4 Qxd4 33. Bf3 Bd7 34. Bd5+ Kh7 35. Re1 Bf5 36. Be4 Bc8 37. Be3 Qd7 38. Qe2 f5 39. Bd5 Bf6 40. Bg5 Kg7 41. Bxf6+ Kxf6 1-0

[Event "Scarborough CC Frost U1800"]
[Site "Toronto"]
[Date "2012.01.12"]
[Round "2"]
[White "Zhong, Joey"]
[Black "Aghamalian, Derick"]
[Result "0-1"]
[WhiteElo "1455"]
[BlackElo "1636"]
[PlyCount "78"]
[EventDate "2012.01.05"]
[EventType "swiss"]
[EventRounds "6"]
[EventCountry "CAN"]
[SourceTitle "EXT 2022"]
[Source "ChessBase"]
[SourceDate "2021.10.06"]
[SourceVersion "1"]
[SourceVersionDate "2021.10.06"]
[SourceQuality "1"]

1. d4 d5 2. Nf3 Nf6 3. c4 e6 4. Nc3 Bd6 5. Bg5 0-0 6. e3 c6 7. Bd3 Nbd7 8. 0-0 Qc7 9. Rc1 dxc4 10. Bxc4 h6 11. Bh4 Re8 12. Bd3 Qb6 13. Nd2 Qd8 14. Nde4 Be7 15. Bg3 Nd5 16. Nxd5 exd5 17. Nd6 Bxd6 18. Bxd6 Nf6 19. Bg3 Bg4 20. Qa4 Qd7 21. b4 Bf5 22. Be2 Ne4 23. Bf4 a6 24. Qa5 Rac8 25. a4 Nd2 26. Rb1 Nxb1 27. b5 axb5 28. axb5 Ra8 29. Qb4 Na3 30. bxc6 bxc6 31. Rc1 Qe7 32. Bd6 Qg5 33. Rxc6 Nc2 34. Qb5 Bd7 35. Bf4 Bxc6 36. Qxc6 Nxd4 37. Qxe8+ Rxe8 38. Bxg5 Nxe2+ 39. Kf1 hxg5 0-1

[Event "Scarborough CC Howard Ridout U1800"]
[Site "Toronto"]
[Date "2011.10.27"]
[Round "6"]
[White "Aghamalian, Derick"]
[Black "Frias, Evnato"]
[Result "1-0"]
[WhiteElo "1604"]
[BlackElo "1125"]
[PlyCount "89"]
[EventDate "2011.09.08"]
[EventType "swiss"]
[EventRounds "6"]
[EventCountry "CAN"]
[SourceTitle "EXT 2022"]
[Source "ChessBase"]
[SourceDate "2021.10.06"]
[SourceVersion "1"]
[SourceVersionDate "2021.10.06"]
[SourceQuality "1"]

1. e4 e5 2. Nf3 Nc6 3. Bc4 Nf6 4. Ng5 d5 5. exd5 Nxd5 6. Qf3 Be6 7. Nxe6 fxe6 8. d3 Bc5 9. 0-0 Qd7 10. Nc3 Nf6 11. Be3 Bd4 12. Qh3 Nd5 13. Bxd4 exd4 14. Nxd5 exd5 15. Qxd7+ Kxd7 16. Bxd5 Kd6 17. Bxc6 Kxc6 18. Rfe1 Rae8 19. Re4 Rxe4 20. dxe4 Kd6 21. f4 Rf8 22. g3 c5 23. Rd1 Ke6 24. Rd3 b6 25. Ra3 Rf7 26. Rd3 g6 27. Kg2 h6 28. Rf3 c4 29. Kf2 b5 30. Ke2 b4 31. b3 Rc7 32. Kd2 a5 33. bxc4 Rxc4 34. Rb3 a4 35. Rb2 Kd6 36. Kd3 Kc5 37. Rb1 Rc3+ 38. Kd2 Rf3 39. e5 Rf2+ 40. Kd3 Rxh2 41. e6 Rg2 42. Re1 Rxg3+ 43. Kd2 Kc4 44. e7 Rg2+ 45. Re2 1-0

[Event "Scarborough CC Spring Into Summer U1700"]
[Site "Toronto"]
[Date "2011.05.12"]
[Round "2"]
[White "Aghamalian, Derick"]
[Black "Super, Russell"]
[Result "1-0"]
[WhiteElo "1577"]
[BlackElo "1419"]
[PlyCount "85"]
[EventDate "2011.04.28"]
[EventType "swiss"]
[EventRounds "9"]
[EventCountry "CAN"]
[SourceTitle "EXT 2022"]
[Source "ChessBase"]
[SourceDate "2021.10.06"]
[SourceVersion "1"]
[SourceVersionDate "2021.10.06"]
[SourceQuality "1"]

1. e4 c5 2. Nf3 d6 3. d4 cxd4 4. Nxd4 Nf6 5. Nc3 g6 6. Be3 Bg7 7. Be2 Nc6 8. 0-0 a6 9. f4 0-0 10. Kh1 Qc7 11. Bf3 b5 12. Nxc6 Bb7 13. Nd4 e6 14. a3 Rfd8 15. Qd2 Rac8 16. Rad1 Nd7 17. Rfe1 Nb6 18. Be2 Nc4 19. Bxc4 Qxc4 20. Qd3 Qc7 21. Nde2 Rd7 22. Bg1 Rcd8 23. Qg3 d5 24. e5 f6 25. exf6 Bxf6 26. Nd4 Bxd4 27. Bxd4 Re8 28. Qg5 Rf7 29. Qe5 Qxe5 30. Bxe5 Bc6 31. Kg1 h5 32. g3 Kh7 33. Re3 Kh6 34. Bd6 g5 35. fxg5+ Kxg5 36. Nxd5 Rd7 37. Bf4+ Kg6 38. Nc3 Rf7 39. Rd6 Bd7 40. Ne4 Kf5 41. Nc5 Bc8 42. Re5+ Kg4 43. Kg2 1-0

[Event "Scarborough CC-ch Reserves U1700"]
[Site "Toronto"]
[Date "2011.03.17"]
[Round "4"]
[White "Aghamalian, Derick"]
[Black "Super, Russell"]
[Result "0-1"]
[WhiteElo "1529"]
[BlackElo "1446"]
[PlyCount "61"]
[EventDate "2011.02.24"]
[EventType "swiss"]
[EventRounds "9"]
[EventCountry "CAN"]
[SourceTitle "EXT 2022"]
[Source "ChessBase"]
[SourceDate "2021.10.06"]
[SourceVersion "1"]
[SourceVersionDate "2021.10.06"]
[SourceQuality "1"]

1. e4 c5 2. Nf3 Nc6 3. d4 cxd4 4. Nxd4 Nf6 5. Nc3 d6 6. Be3 g6 7. Be2 Bg7 8. 0-0 0-0 9. Kh1 a6 10. f4 Nxd4 11. Bxd4 b5 12. a3 Bb7 13. Bf3 Qc7 14. Qd2 e5 15. Be3 Rfd8 16. Qf2 d5 17. Bb6 Qd6 18. fxe5 Qxe5 19. Bxd8 Rxd8 20. exd5 Nxd5 21. Bxd5 Bxd5 22. Rad1 Qe6 23. Rxd5 Rxd5 24. Nxd5 Qxd5 25. c3 f5 26. Qf3 Qb3 27. Rd1 Qxb2 28. Qd5+ Kf8 29. Qd8+ Kf7 30. Rd7+ Ke6 31. Qe7# 0-1

[Event "CAN-ch U10"]
[Site "Windsor"]
[Date "2010.07.09"]
[Round "7"]
[White "Aghamalian, Derick"]
[Black "Zhang, Yuanchen"]
[Result "0-1"]
[WhiteElo "1445"]
[BlackElo "1780"]
[PlyCount "160"]
[EventDate "2010.07.06"]
[EventType "swiss"]
[EventRounds "7"]
[EventCountry "CAN"]
[SourceTitle "EXT 2012"]
[Source "ChessBase"]
[SourceDate "2011.11.24"]
[SourceVersion "1"]
[SourceVersionDate "2011.11.24"]
[SourceQuality "1"]

1. e4 c5 2. Nf3 e6 3. d4 cxd4 4. Nxd4 Nf6 5. Nc3 Nc6 6. Ndb5 Bb4 7. Nd6+ Ke7 8. Bf4 Qa5 9. Qd3 Bxc3+ 10. bxc3 Qc5 11. Rd1 Ne5 12. Bxe5 Qxe5 13. Qg3 Qxg3 14. hxg3 h6 15. f3 Ne8 16. e5 Nxd6 17. exd6+ Ke8 18. Bd3 b6 19. Be4 Rb8 20. Kf2 Bb7 21. Rhe1 Bxe4 22. Rxe4 Rc8 23. Rd3 Rc6 24. Ke2 f6 25. Kd2 Kf7 26. g4 Rhc8 27. f4 Rc5 28. f5 e5 29. g3 Rc4 30. Rde3 Rxe4 31. Rxe4 Rc6 32. c4 Rxd6+ 33. Kc3 Rc6 34. Kb3 Rc5 35. a4 a5 36. Ka2 Rc6 37. Kb3 d6 38. Kb2 Ke7 39. Kb3 Rc8 40. Re2 Re8 41. Kc3 Kd7 42. Kd3 Kc6 43. Ke4 Kc5 44. Kd3 Rd8 45. Kc3 d5 46. cxd5 Rxd5 47. Re4 Rd4 48. Rxd4 exd4+ 49. Kb3 Kd5 50. g5 hxg5 51. g4 Kc5 52. c3 d3 53. c4 d2 54. Kc2 Kxc4 55. Kxd2 Kb4 56. Kd3 Kxa4 57. Kc4 b5+ 58. Kc3 Ka3 59. Kc2 b4 60. Kb1 b3 61. Ka1 b2+ 62. Kb1 a4 63. Kc2 Ka2 64. Kc3 b1R 65. Kd3 Rg1 66. Ke4 Rxg4+ 67. Kd5 Rf4 68. Ke6 g4 69. Kf7 Rxf5 70. Kxg7 g3 71. Kg6 Rf3 72. Kh5 g2 73. Kg4 Rc3 74. Kf5 g1R 75. Kxf6 Re1 76. Kf5 Rf3+ 77. Kg4 Rf8 78. Kg3 Rg1+ 79. Kh2 Rfg8 80. Kh3 Rh1# 0-1

[Event "Scarborough CC LH Summer U1700"]
[Site "Toronto"]
[Date "2010.06.03"]
[Round "5"]
[White "Aghamalian, Derick"]
[Black "Moffat, Anthony"]
[Result "1-0"]
[WhiteElo "1320"]
[BlackElo "1300"]
[PlyCount "90"]
[EventDate "2010.04.29"]
[EventType "swiss"]
[EventRounds "8"]
[EventCountry "CAN"]
[SourceTitle "EXT 2022"]
[Source "ChessBase"]
[SourceDate "2021.10.06"]
[SourceVersion "1"]
[SourceVersionDate "2021.10.06"]
[SourceQuality "1"]

1. e4 c5 2. Nf3 d6 3. d4 cxd4 4. Nxd4 Nf6 5. Nc3 a6 6. Be3 e6 7. Be2 Be7 8. 0-0 0-0 9. f4 b5 10. a3 Bb7 11. Bd3 Nbd7 12. b4 Rc8 13. Bd2 Qb6 14. Be3 Rxc3 15. Qd2 Rc7 16. Nxe6 Qc6 17. Nxc7 Qxc7 18. Rfe1 Nxe4 19. Bxe4 Bxe4 20. Bd4 Bxc2 21. Rxe7 Qc6 22. Rc1 Rc8 23. Re2 Qd5 24. Be3 Qa2 25. Rxc2 Rxc2 26. Qxc2 Qxa3 27. Qc8+ Nf8 28. Bb6 Qxb4 29. Re8 Qb1+ 30. Kf2 Qc2+ 31. Kf3 Qb3+ 32. Be3 Qd5+ 33. Kg3 h5 34. Rxf8+ Kh7 35. Rh8+ Kg6 36. f5+ Kf6 37. Qd8+ Ke5 38. Re8+ Qe6 39. fxe6 fxe6 40. Qg5+ Ke4 41. Rxe6+ Kd3 42. Qd5+ Kc3 43. Qd4+ Kb3 44. Rxd6 a5 45. Bc1 a4 1-0

[Event "Scarborough CC-ch Reserves U1700"]
[Site "Toronto"]
[Date "2010.04.08"]
[Round "7"]
[White "Vyravanathan, Sobiga"]
[Black "Aghamalian, Derick"]
[Result "1-0"]
[WhiteElo "1201"]
[BlackElo "1353"]
[PlyCount "89"]
[EventDate "2010.02.25"]
[EventType "swiss"]
[EventRounds "9"]
[EventCountry "CAN"]
[SourceTitle "EXT 2022"]
[Source "ChessBase"]
[SourceDate "2021.10.06"]
[SourceVersion "1"]
[SourceVersionDate "2021.10.06"]
[SourceQuality "1"]

1. e4 e5 2. Nf3 Nc6 3. Bb5 a6 4. Ba4 Nf6 5. d3 b5 6. Bb3 Be7 7. 0-0 Bb7 8. Bg5 0-0 9. Re1 d6 10. Nc3 b4 11. Na4 Qd7 12. c3 a5 13. h3 Nh5 14. Bd2 Ba6 15. Be3 Kh8 16. Rc1 f5 17. exf5 Qxf5 18. Bd5 Bb7 19. cxb4 Nxb4 20. Bxb7 Nxd3 21. Bxa8 Nxe1 22. Qxe1 Rxa8 23. Rxc7 Bf6 24. Rb7 Nf4 25. Bxf4 Qxf4 26. Nb6 Re8 27. Nd5 Qc4 28. Nxf6 gxf6 29. Rb3 e4 30. Nd2 Qc2 31. Nf1 d5 32. Qxa5 d4 33. Qb6 Rf8 34. Qxd4 Qc6 35. Rb6 Qe8 36. Rxf6 Rxf6 37. Qxf6+ Kg8 38. Qg5+ Kh8 39. b4 Qa4 40. Qe5+ Kg8 41. Qxe4 Qxa2 42. Qe8+ Kg7 43. Qd7+ Kg8 44. b5 Qb3 45. Qc6 1-0

[Event "CAN-ch U08"]
[Site "Quebec"]
[Date "2008.07.17"]
[Round "7"]
[White "Lepage, Marcel"]
[Black "Aghamalian, Derick"]
[Result "0-1"]
[WhiteElo "946"]
[BlackElo "954"]
[PlyCount "50"]
[EventDate "2008.07.14"]
[EventType "swiss"]
[EventRounds "7"]
[EventCountry "CAN"]
[SourceTitle "EXT 2011"]
[Source "ChessBase"]
[SourceDate "2010.11.26"]
[SourceVersion "1"]
[SourceVersionDate "2010.11.26"]
[SourceQuality "1"]

1. e4 e5 2. Nc3 Nc6 3. Nf3 Nf6 4. Bc4 Bc5 5. d3 Ng4 6. 0-0 Be7 7. h3 Nf6 8. Ng5 0-0 9. Nd5 Nxd5 10. exd5 Bxg5 11. dxc6 dxc6 12. Bxg5 Qxg5 13. Re1 Bxh3 14. Kf1 Qxg2+ 15. Ke2 Bg4+ 16. Kd2 Bxd1 17. Rexd1 Qxf2+ 18. Kc1 Rfe8 19. Rf1 Qxf1+ 20. Kd2 Qxa1 21. Ke2 b5 22. Bb3 e4 23. dxe4 Rxe4+ 24. Kd2 Qe1+ 25. Kd3 Qe3# 0-1

[Event "CAN-ch U08"]
[Site "Quebec"]
[Date "2008.07.16"]
[Round "6"]
[White "Aghamalian, Derick"]
[Black "Lepage, Draven"]
[Result "0-1"]
[WhiteElo "954"]
[BlackElo "991"]
[PlyCount "64"]
[EventDate "2008.07.14"]
[EventType "swiss"]
[EventRounds "7"]
[EventCountry "CAN"]
[SourceTitle "EXT 2011"]
[Source "ChessBase"]
[SourceDate "2010.11.26"]
[SourceVersion "1"]
[SourceVersionDate "2010.11.26"]
[SourceQuality "1"]

1. e4 e5 2. Nf3 Nc6 3. Bc4 d6 4. d3 Be6 5. Bxe6 fxe6 6. Ng5 Be7 7. Nxe6 Qd7 8. Ng5 Bxg5 9. Bxg5 Nf6 10. Bxf6 gxf6 11. 0-0 Nd4 12. c3 Ne6 13. d4 exd4 14. cxd4 d5 15. e5 fxe5 16. dxe5 Nf4 17. Qd4 Ne2+ 18. Kh1 Nxd4 19. Nc3 Rg8 20. Rfe1 Qg7 21. g3 Nc2 22. Rec1 Nxa1 23. Rxa1 Qg6 24. Nxd5 Qc6 25. Rd1 Rd8 26. f4 Rxd5 27. Rxd5 Qxd5+ 28. Kg1 Qd2 29. b3 Qb2 30. a4 Ke7 31. a5 Rd8 32. Kf1 Rd1# 0-1